PAUL CLAUDEL-LOUIS MASSIGNON, Correspondance 1908-1953. Nouvelle édition renouvelée (1908-1914) et augmentée (1915-1953), établie, pré sentée et annotée par DOMINIQUE MILLET-GÉRARD. Paris, Gallimard, 2012. Un vol. de 527 p. (notice n° 1655227)
[ vue normale ]
| 000 -LEADER | |
|---|---|
| fixed length control field | 00699cam a2200145 4500500 |
| 005 - DATE AND TIME OF LATEST TRANSACTION | |
| control field | 20260208010125.0 |
| 041 ## - LANGUAGE CODE | |
| Language code of text/sound track or separate title | fre |
| 042 ## - AUTHENTICATION CODE | |
| Authentication code | dc |
| 100 10 - MAIN ENTRY--PERSONAL NAME | |
| Personal name | Autrand, Michel |
| Relator term | author |
| 245 00 - TITLE STATEMENT | |
| Title | PAUL CLAUDEL-LOUIS MASSIGNON, Correspondance 1908-1953. Nouvelle édition renouvelée (1908-1914) et augmentée (1915-1953), établie, pré sentée et annotée par DOMINIQUE MILLET-GÉRARD. Paris, Gallimard, 2012. Un vol. de 527 p. |
| 260 ## - PUBLICATION, DISTRIBUTION, ETC. | |
| Date of publication, distribution, etc. | 2013.<br/> |
| 500 ## - GENERAL NOTE | |
| General note | 68 |
| 786 0# - DATA SOURCE ENTRY | |
| Note | Revue d'histoire littéraire de la France | 113 | 2 | 2013-05-28 | p. 439y-488y | 0035-2411 |
| 856 41 - ELECTRONIC LOCATION AND ACCESS | |
| Uniform Resource Identifier | <a href="https://shs.cairn.info/revue-d-histoire-litteraire-de-la-france-2013-2-page-439y?lang=fr&redirect-ssocas=7080">https://shs.cairn.info/revue-d-histoire-litteraire-de-la-france-2013-2-page-439y?lang=fr&redirect-ssocas=7080</a> |
Pas d'exemplaire disponible.




Réseaux sociaux